000 00515nam a22001817a 4500
003 KOHA_MİRAKIL
005 20251224144413.0
008 251224b tu ||||| |||| 00| 0 tur d
020 _a9786056803154
040 _aTR-AnABB
_btur
_cTR-AnABB
041 _atur
082 _a342.56103
_bGUC 2023
245 1 0 _aGüçlendirilmiş parlamenter sistem /
260 _aAnkara :
_bCumhuriyet Halk Partisi Yayınları,
_c2023
300 _a151 sayfa ;
_c30 cm
650 0 4 _aAnayasa değişikliği
942 _2ddc
_cBK
999 _c9932
_d9932
900 _bGizem YORULMAZ